| 000 | 00655nam a22002297a 4500 | ||
|---|---|---|---|
| 003 | DO-SdBNP | ||
| 005 | 20171130110225.0 | ||
| 008 | 171113b 1983 sp ||||| |||| 00| 0 spa d | ||
| 020 | _a8432230073 | ||
| 040 |
_aBPMSU _bspa _cBPMSU |
||
| 092 |
_axxxx _bxxxx |
||
| 100 | 1 |
_aMendoza, Eduardo, _d1943- |
|
| 245 |
_aEl misterio de la cripta embrujada / _cEduardo Mendoza. |
||
| 250 | _a4ta ed. | ||
| 260 |
_aBarcelona : _bSeix Barral, _c1983. |
||
| 300 |
_a178 p. ; _c20 cm. |
||
| 490 | 1 | _aBiblioteca de bolsillo | |
| 830 | 0 | _aBiblioteca de bolsillo | |
| 942 |
_2ddc _cBK |
||
| 945 | _aInventariado 2017 /LP | ||
| 956 |
_aLOPEREZ _b10 _c20171113 _d0041 |
||
| 999 |
_c12864 _d12864 |
||